| 000 | 00506ntaaa2200193 4500 | ||
|---|---|---|---|
| 003 | 01 | ||
| 005 | 20251027202449.0 | ||
| 008 | 0714s1973 ag 01 | ||
| 040 |
_aAR-BaBN _bspa _cAR-BaBN _eaacr _dRIC |
||
| 082 | _a266.09921 F94 | ||
| 100 |
_aFryer, Jr., Ross B. _923543 |
||
| 245 | _aMy island of Sumatra | ||
| 250 | _a1 ed. | ||
| 260 |
_aNashville : _bConvention Press, _c1966 |
||
| 300 | _a84 p. | ||
| 500 | _ala obra bautista misionera en la isla de Sumatra | ||
| 650 |
_aSumatra _923544 |
||
| 942 | _cBK | ||
| 999 |
_c19657 _d19657 |
||